Statistiques concernant Ils sont morts en 2017

Cliquez ici pour prendre le quiz!

Statistiques générales

  • Ce quiz a été pris 168 fois
  • Le résultat moyen est 9 sur 20

Statistiques - réponses

Âge Indice Réponse % Correct
74Légende de la musique française qui a allumé le feu partout où il allaitJohnny Hallyday
88%
89Rescapée d'Auschwitz, elle fut à l'origine de la loi sur l'IVG en 1974Simone Veil
84%
92Écrivain français et membre éminent de l'Académie FrançaiseJean d'Ormesson
60%
89Ancien James Bond et l'un des personnages principaux d'Amicalement vôtreRoger Moore
60%
87Chancelier allemand connu pour sa poignée de main avec MitterrandHelmut Kohl
57%
85Ancien footballeur, légende de Reims et Ballon d'Or 1958Raymond Kopa
55%
94Milliardaire française qui fut longtemps à la tête de L'OréalLiliane Bettencourt
54%
74Président mythique du Montpellier HSCLouis Nicollin
52%
87Acteur français célèbre également pour sa passion des chevauxJean Rochefort
50%
79Actrice française surnommée "La Grande Sauterelle"Mireille Darc
44%
93Il formait un duo comique avec Roger PierreJean-Marc Thibault
43%
80Acteur français connu pour son rôle dans "Louis la Broncante"Victor Lanoux
40%
86Homme d'affaires français, il est connu pour sa relation avec Yves Saint-LaurentPierre Bergé
40%
83Un des plus célèbres criminels américains, responsable de l'assassinat de Sharon TateCharles Manson
35%
89Actrice française qui a tourné pour Truffaut, Welles, Blier ou MalleJeanne Moreau
33%
88Acteur connu pour ses rôles dans Les Tontons Flingueurs et Mission ClépâtreClaude Rich
26%
90L'une des premières légendes du rock, chanteur de "Johnny B Goode"Chuck Berry
25%
91Fondateur du magazine PlayboyHugh Hefner
22%
89Actrice française, nommée aux Oscars en 2013 pour son rôle dans "Amour"Emmanuelle Riva
16%
41Ancien chanteur de Linkin ParkChester Bennington
13%

Distribution des résultats

Percentile par nombre de réponses

% des personnes avec chaque résultat

Votre développement - résultats

Vous n’avez pas pris ce quiz